01065cam a2200217 a 450000100100000000500170001000800410002702000150006804000280008308200200011110000450013124501560017624600720033226001500040430000210055450400560057565100440063191000340067595201230070999900150083200000640220200929153927.0001026s1999 sp b f001 0 spa d a1879308347 aDO-SdBNPcPBRdNOCdDLC a972.9504bN322P1 aNavarro García, Jesús Raúl.91779410aPuerto Rico a la sombra de la independencia continental :bfronteras ideológicas y políticas en el Caribe, 1815-1840 /cJ. Raúl Navarro García.14aPuerto Rico a la sombra de la independencia continental, 1815-1840. aSan Juan, Puerto Rico :bCentro de Estudios Avanzados de Puerto Rico,aSevilla, España :bEscuela de Estudios Hispano-Americanos (CSIC),c1999. a307 p. ;c24 cm. aIncluye referencias bibliográficas: p. [283]-294. 4aPuerto RicoxHistoriay1804-1899917795 aCatalogación por copia / LC 001052708MOaGRbGRcCTd2009-08-28iLF1l0o972.9504 N322Pp6402-10r2020-06-25w2020-06-25y2ZPréstamo interno c6197d6197